| 000 | 00379nam a2200145Ia 4500 | ||
|---|---|---|---|
| 005 | 20250313143638.0 | ||
| 008 | 240331s9999 xx 000 0 und d | ||
| 082 |
_bIDD _a894 |
||
| 100 | _aIddamaguru, S | ||
| 245 | 0 |
_aVedangal : _borr aivu |
|
| 260 |
_aChennai _bAlaikal Publishers _c1994 |
||
| 300 | _a144 p ., | ||
| 500 | _aVedhangal patriye mukkiyathuvam, Varalarum | ||
| 942 | _cL | ||
| 999 |
_c3870 _d3870 |
||